Name a Valid Country by Official Language - Europe - Statistics

General Stats
  • This quiz has been taken 210 times
  • The average score is 14 of 15
Answer Stats
Language # Countries % Correct
German 6 Austria | Belgium | Germany | Liechtenstein | Luxembourg | Switzerland
100%
Albanian 3 Albania | Kosovo | North Macedonia
99%
Russian 2 Belarus | Russia
99%
Serbian 3 Bosnia and Herzegovina | Kosovo | Serbia
99%
English 3 Ireland | United Kingdom | Malta
99%
Italian 4 Italy | San Marino | Switzerland | Vatican City
99%
Romanian 2 Moldova | Romania
99%
Portuguese 1 Portugal
99%
Spanish 1 Spain
99%
French 5 Switzerland | Belgium | France | Luxembourg | Monaco
99%
Dutch 2 Belgium | Netherlands
98%
Icelandic 1 Iceland
98%
Catalan 1 Andorra
81%
Latin 1 Vatican City
81%
Sami 1 Norway
58%
No matching quizzes found
Score Distribution
Percent of People with Each Score
Percentile by Number Answered
Your Score History
You have not taken this quiz